El Mejor Videojuego de cada año - Estadísticas

Estadísticas generales
  • Esta prueba ha sido intentada 360 veces
  • La puntuación promedio es 6 de 19
Estadísticas de respuestas
Hint Respuesta % Correcto
2013 GTA V
53%
2017 The Legend of Zelda: Breath of the Wild
42%
2018 God of War
40%
2003 Madden NFL 2004
38%
2016 Overwatch
38%
2020 The Last of Us Parte II
37%
2004 GTA San Andreas
34%
2021 It Takes Two
34%
2015 The Witcher 3: Wild Hunt
32%
2008 GTA IV
29%
2019 Sekiro: Shadows Die Twice
28%
2007 Bioshock
26%
2010 Red Dead Redemption
26%
2011 The Elder Scrolls V: Skyrim
23%
2005 Resident Evil 4
22%
2012 The Walking Dead
21%
2009 Uncharted 2
19%
2014 Dragon Age: Inquisition
17%
2006 The Elder Scrolls IV: Oblivion
17%
No se encontraron pruebas coincidentes
Distribución de puntuación
Porcentaje de gente con cada puntuación
Porcentaje por número respondido
Historial de tus puntuaciones
No has intentado esta prueba.